[Event "Deutsche Ländermeisterschaft 2025"]
[Site "Oer-Erkenschwick GER"]
[Date "2025.10.02"]
[Round "3"]
[White "Haack, Kevin"]
[Black "Farokhi, Keyvan"]
[Result "1/2-1/2"]
[Termination "normal"]
[Board "3.1"]
[WhiteTitle "FM"]
[BlackTitle "FM"]
[WhiteElo "2380"]
[BlackElo "2384"]
[WhiteClock "00:44:37"]
[BlackClock "00:55:45"]
[WhiteTeam "Hessen"]
[BlackTeam "Schleswig-Holstein"]
[PlyCount "41"]
[WhiteFideId "16228715"]
[BlackFideId "12998630"]
[EventCountry "GER"]
[EventRounds "7"]
[EventType "team-swiss"]
[EventDate "2025.09.30"]

1. d4 {[%clk 01:30:54]} {[%emt 00:00:05]} Nf6 {[%clk 01:30:39]} {[%emt
00:00:21]} 2. c4 {[%clk 01:31:19]} {[%emt 00:00:05]} e6 {[%clk 01:31:04]}
{[%emt 00:00:06]} 3. g3 {[%clk 01:31:42]} {[%emt 00:00:07]} d5 {[%clk
01:30:49]} {[%emt 00:00:44]} 4. Bg2 {[%clk 01:32:07]} {[%emt 00:00:05]} Be7
{[%clk 01:31:14]} {[%emt 00:00:05]} 5. Nf3 {[%clk 01:32:32]} {[%emt 00:00:05]}
O-O {[%clk 01:31:37]} {[%emt 00:00:08]} 6. Nc3 {[%clk 01:32:58]} {[%emt
00:00:03]} dxc4 {[%clk 01:29:16]} {[%emt 00:02:51]} 7. Ne5 {[%clk 01:33:19]}
{[%emt 00:00:09]} c5 {[%clk 01:27:47]} {[%emt 00:01:58]} 8. dxc5 {[%clk
01:33:37]} {[%emt 00:00:13]} Qxd1+ {[%clk 01:28:07]} {[%emt 00:00:11]} 9. Nxd1
{[%clk 01:34:03]} {[%emt 00:00:04]} Bxc5 {[%clk 01:28:27]} {[%emt 00:00:09]}
10. O-O {[%clk 01:34:26]} {[%emt 00:00:07]} Nd5 {[%clk 01:22:56]} {[%emt
00:06:01]} 11. Nxc4 {[%clk 01:32:28]} {[%emt 00:02:28]} Nc6 {[%clk 01:11:51]}
{[%emt 00:11:35]} 12. Bd2 {[%clk 01:23:11]} {[%emt 00:09:47]} b6 {[%clk
01:01:20]} {[%emt 00:11:01]} 13. Nc3 {[%clk 01:02:40]} {[%emt 00:21:02]} Ba6
{[%clk 00:58:15]} {[%emt 00:03:35]} 14. Nxd5 {[%clk 00:49:02]} {[%emt
00:14:08]} exd5 {[%clk 00:57:27]} {[%emt 00:01:18]} 15. Bxd5 {[%clk 00:48:39]}
{[%emt 00:00:54]} Rad8 {[%clk 00:57:36]} {[%emt 00:00:21]} 16. Bxc6 {[%clk
00:48:59]} {[%emt 00:00:10]} Bxc4 {[%clk 00:58:00]} {[%emt 00:00:06]} 17. Bc3
{[%clk 00:49:16]} {[%emt 00:00:13]} Bxe2 {[%clk 00:58:20]} {[%emt 00:00:11]}
18. Rfe1 {[%clk 00:49:39]} {[%emt 00:00:07]} Bg4 {[%clk 00:57:26]} {[%emt
00:01:24]} 19. Kg2 {[%clk 00:46:49]} {[%emt 00:03:20]} Rd6 {[%clk 00:56:01]}
{[%emt 00:01:55]} 20. Be4 {[%clk 00:46:23]} {[%emt 00:00:55]} Rfd8 {[%clk
00:55:45]} {[%emt 00:00:45]} 21. h3 {[%clk 00:44:37]} {[%emt 00:02:17]} 1/2-1/2

[Event "Deutsche Ländermeisterschaft 2025"]
[Site "Oer-Erkenschwick GER"]
[Date "2025.10.02"]
[Round "3"]
[White "Guo, Philipp Ziming"]
[Black "Burkart, Lloyd Shang"]
[Result "1/2-1/2"]
[Termination "normal"]
[Board "3.2"]
[WhiteElo "2204"]
[BlackElo "2080"]
[WhiteClock "00:12:47"]
[BlackClock "00:11:01"]
[WhiteTeam "Schleswig-Holstein"]
[BlackTeam "Hessen"]
[PlyCount "118"]
[WhiteFideId "16245199"]
[BlackFideId "16239059"]
[EventCountry "GER"]
[EventRounds "7"]
[EventType "team-swiss"]
[EventDate "2025.09.30"]

1. e4 {[%clk 01:30:56]} {[%emt 00:00:03]} c5 {[%clk 01:30:53]} {[%emt
00:00:07]} 2. Nf3 {[%clk 01:31:19]} {[%emt 00:00:07]} e6 {[%clk 01:31:14]}
{[%emt 00:00:09]} 3. d4 {[%clk 01:31:41]} {[%emt 00:00:08]} cxd4 {[%clk
01:31:39]} {[%emt 00:00:05]} 4. Nxd4 {[%clk 01:32:03]} {[%emt 00:00:07]} Nf6
{[%clk 01:32:02]} {[%emt 00:00:07]} 5. Nc3 {[%clk 01:32:13]} {[%emt 00:00:19]}
d6 {[%clk 01:32:24]} {[%emt 00:00:09]} 6. g4 {[%clk 01:32:26]} {[%emt
00:00:16]} h6 {[%clk 01:32:11]} {[%emt 00:00:44]} 7. h4 {[%clk 01:32:38]}
{[%emt 00:00:18]} Nc6 {[%clk 01:32:08]} {[%emt 00:00:34]} 8. Rg1 {[%clk
01:32:51]} {[%emt 00:00:16]} d5 {[%clk 01:31:35]} {[%emt 00:01:04]} 9. exd5
{[%clk 01:33:01]} {[%emt 00:00:21]} Nxd5 {[%clk 01:31:54]} {[%emt 00:00:10]}
10. Nxd5 {[%clk 01:33:23]} {[%emt 00:00:08]} exd5 {[%clk 01:32:15]} {[%emt
00:00:09]} 11. Be3 {[%clk 01:18:56]} {[%emt 00:14:57]} Qxh4 {[%clk 01:31:49]}
{[%emt 00:00:56]} 12. Nb5 {[%clk 01:13:21]} {[%emt 00:06:05]} Qe7 {[%clk
01:00:28]} {[%emt 00:31:50]} 13. Qxd5 {[%clk 01:10:22]} {[%emt 00:03:29]} Be6
{[%clk 00:58:50]} {[%emt 00:02:07]} 14. Qe4 {[%clk 01:08:21]} {[%emt 00:02:30]}
a6 {[%clk 00:55:34]} {[%emt 00:03:49]} 15. Nc3 {[%clk 01:05:26]} {[%emt
00:03:24]} g6 {[%clk 00:51:01]} {[%emt 00:05:03]} 16. Bc4 {[%clk 00:44:52]}
{[%emt 00:21:04]} Bg7 {[%clk 00:25:54]} {[%emt 00:25:38]} 17. Nd5 {[%clk
00:32:35]} {[%emt 00:12:47]} Bxd5 {[%clk 00:25:32]} {[%emt 00:00:52]} 18. Bxd5
{[%clk 00:30:28]} {[%emt 00:02:37]} Qxe4 {[%clk 00:20:02]} {[%emt 00:06:01]}
19. Bxe4 {[%clk 00:30:54]} {[%emt 00:00:03]} O-O-O {[%clk 00:20:05]} {[%emt
00:00:27]} 20. Bxc6 {[%clk 00:27:11]} {[%emt 00:04:13]} bxc6 {[%clk 00:20:26]}
{[%emt 00:00:09]} 21. c3 {[%clk 00:27:33]} {[%emt 00:00:08]} Rd5 {[%clk
00:18:16]} {[%emt 00:02:41]} 22. Rd1 {[%clk 00:26:37]} {[%emt 00:01:25]} Rhd8
{[%clk 00:17:22]} {[%emt 00:01:26]} 23. Rxd5 {[%clk 00:26:46]} {[%emt
00:00:20]} Rxd5 {[%clk 00:17:31]} {[%emt 00:00:22]} 24. Ke2 {[%clk 00:25:49]}
{[%emt 00:01:26]} Kd7 {[%clk 00:11:35]} {[%emt 00:06:27]} 25. Rh1 {[%clk
00:18:16]} {[%emt 00:08:03]} h5 {[%clk 00:09:31]} {[%emt 00:02:34]} 26. gxh5
{[%clk 00:18:02]} {[%emt 00:00:43]} Rxh5 {[%clk 00:06:59]} {[%emt 00:03:02]}
27. Rd1+ {[%clk 00:13:04]} {[%emt 00:05:28]} Rd5 {[%clk 00:06:06]} {[%emt
00:01:23]} 28. Rxd5+ {[%clk 00:12:08]} {[%emt 00:01:26]} cxd5 {[%clk 00:06:35]}
{[%emt 00:00:02]} 29. Kd3 {[%clk 00:12:24]} {[%emt 00:00:14]} Kc6 {[%clk
00:02:19]} {[%emt 00:04:46]} 30. a4 {[%clk 00:11:59]} {[%emt 00:00:54]} Be5
{[%clk 00:01:28]} {[%emt 00:01:22]} 31. b4 {[%clk 00:11:44]} {[%emt 00:00:44]}
Bd6 {[%clk 00:00:37]} {[%emt 00:01:21]} 32. Bd4 {[%clk 00:09:08]} {[%emt
00:03:04]} Be7 {[%clk 00:00:41]} {[%emt 00:00:28]} 33. Ke3 {[%clk 00:07:01]}
{[%emt 00:02:37]} f6 {[%clk 00:00:36]} {[%emt 00:00:36]} 34. Kf4 {[%clk
00:06:13]} {[%emt 00:01:16]} Bd8 {[%clk 00:00:36]} {[%emt 00:00:31]} 35. Kg4
{[%clk 00:06:22]} {[%emt 00:00:21]} Kd7 {[%clk 00:00:33]} {[%emt 00:00:34]} 36.
f4 {[%clk 00:05:21]} {[%emt 00:01:30]} Ke6 {[%clk 00:00:36]} {[%emt 00:00:28]}
37. Bc5 {[%clk 00:03:56]} {[%emt 00:01:55]} f5+ {[%clk 00:00:32]} {[%emt
00:00:34]} 38. Kf3 {[%clk 00:04:05]} {[%emt 00:00:19]} Kd7 {[%clk 00:00:33]}
{[%emt 00:00:30]} 39. Bd4 {[%clk 00:02:51]} {[%emt 00:01:44]} Be7 {[%clk
00:00:32]} {[%emt 00:00:32]} 40. Ke3 {[%clk 00:02:39]} {[%emt 00:00:41]} Kc6
{[%clk 00:00:52]} {[%emt 00:00:10]} 41. Be5 {[%clk 00:29:35]} {[%emt 00:03:32]}
Bd8 {[%clk 00:28:28]} {[%emt 00:02:57]} 42. Kd4 {[%clk 00:28:44]} {[%emt
00:01:20]} Bb6+ {[%clk 00:27:45]} {[%emt 00:01:13]} 43. Kd3 {[%clk 00:29:06]}
{[%emt 00:00:08]} Bd8 {[%clk 00:28:02]} {[%emt 00:00:13]} 44. Bg7 {[%clk
00:24:55]} {[%emt 00:04:40]} Bc7 {[%clk 00:25:05]} {[%emt 00:03:28]} 45. Be5
{[%clk 00:24:45]} {[%emt 00:00:39]} Bd8 {[%clk 00:25:32]} {[%emt 00:00:04]} 46.
Bg7 {[%clk 00:24:44]} {[%emt 00:00:30]} Bc7 {[%clk 00:25:19]} {[%emt 00:00:43]}
47. Ke3 {[%clk 00:25:02]} {[%emt 00:00:11]} Bb6+ {[%clk 00:25:11]} {[%emt
00:00:39]} 48. Kf3 {[%clk 00:24:27]} {[%emt 00:01:05]} Bd8 {[%clk 00:25:13]}
{[%emt 00:00:28]} 49. Bd4 {[%clk 00:23:25]} {[%emt 00:01:32]} Be7 {[%clk
00:24:22]} {[%emt 00:01:21]} 50. Ke2 {[%clk 00:23:31]} {[%emt 00:00:23]} Bd8
{[%clk 00:21:08]} {[%emt 00:03:45]} 51. Be3 {[%clk 00:23:49]} {[%emt 00:00:12]}
Be7 {[%clk 00:20:58]} {[%emt 00:00:41]} 52. Kd3 {[%clk 00:24:13]} {[%emt
00:00:05]} Bd8 {[%clk 00:21:01]} {[%emt 00:00:27]} 53. c4 {[%clk 00:23:55]}
{[%emt 00:00:47]} dxc4+ {[%clk 00:18:16]} {[%emt 00:03:16]} 54. Kxc4 {[%clk
00:23:45]} {[%emt 00:00:39]} Be7 {[%clk 00:15:17]} {[%emt 00:03:28]} 55. b5+
{[%clk 00:20:06]} {[%emt 00:04:10]} axb5+ {[%clk 00:15:39]} {[%emt 00:00:09]}
56. axb5+ {[%clk 00:20:34]} {[%emt 00:00:01]} Kb7 {[%clk 00:15:48]} {[%emt
00:00:20]} 57. Kd5 {[%clk 00:20:40]} {[%emt 00:00:24]} Bh4 {[%clk 00:14:14]}
{[%emt 00:02:04]} 58. Bd4 {[%clk 00:15:25]} {[%emt 00:05:46]} Bg3 {[%clk
00:10:41]} {[%emt 00:04:04]} 59. Be3 {[%clk 00:12:47]} {[%emt 00:03:07]} Bh4
{[%clk 00:11:01]} {[%emt 00:00:11]} 1/2-1/2

[Event "Deutsche Ländermeisterschaft 2025"]
[Site "Oer-Erkenschwick GER"]
[Date "2025.10.02"]
[Round "3"]
[White "Derr, Oleg"]
[Black "Sommer, Justus"]
[Result "1/2-1/2"]
[Termination "normal"]
[Board "3.3"]
[WhiteElo "2146"]
[BlackElo "2111"]
[WhiteClock "00:26:45"]
[BlackClock "00:06:26"]
[WhiteTeam "Hessen"]
[BlackTeam "Schleswig-Holstein"]
[PlyCount "72"]
[WhiteFideId "34611517"]
[BlackFideId "16245008"]
[EventCountry "GER"]
[EventRounds "7"]
[EventType "team-swiss"]
[EventDate "2025.09.30"]

1. e4 {[%clk 01:30:47]} {[%emt 00:00:12]} e5 {[%clk 01:30:51]} {[%emt
00:00:09]} 2. Nf3 {[%clk 01:31:14]} {[%emt 00:00:04]} Nc6 {[%clk 01:31:11]}
{[%emt 00:00:08]} 3. Bc4 {[%clk 01:31:42]} {[%emt 00:00:04]} Bc5 {[%clk
01:30:56]} {[%emt 00:00:44]} 4. d3 {[%clk 01:32:07]} {[%emt 00:00:05]} Nf6
{[%clk 01:31:16]} {[%emt 00:00:10]} 5. a4 {[%clk 01:32:34]} {[%emt 00:00:04]}
d6 {[%clk 01:30:34]} {[%emt 00:01:11]} 6. O-O {[%clk 01:32:57]} {[%emt
00:00:08]} O-O {[%clk 01:28:33]} {[%emt 00:02:28]} 7. Be3 {[%clk 01:33:22]}
{[%emt 00:00:06]} Bb6 {[%clk 01:27:27]} {[%emt 00:01:35]} 8. Nbd2 {[%clk
01:33:05]} {[%emt 00:00:49]} Bg4 {[%clk 01:23:44]} {[%emt 00:04:13]} 9. h3
{[%clk 01:31:24]} {[%emt 00:02:11]} Bh5 {[%clk 01:23:52]} {[%emt 00:00:22]} 10.
Re1 {[%clk 01:30:10]} {[%emt 00:01:45]} Re8 {[%clk 01:21:34]} {[%emt 00:02:46]}
11. Nf1 {[%clk 01:25:34]} {[%emt 00:05:08]} d5 {[%clk 01:17:13]} {[%emt
00:04:49]} 12. exd5 {[%clk 01:24:26]} {[%emt 00:01:39]} Nxd5 {[%clk 01:17:26]}
{[%emt 00:00:16]} 13. Bxb6 {[%clk 01:24:32]} {[%emt 00:00:25]} Nxb6 {[%clk
01:13:20]} {[%emt 00:04:36]} 14. Ba2 {[%clk 01:21:22]} {[%emt 00:03:40]} Qf6
{[%clk 01:06:10]} {[%emt 00:07:38]} 15. g4 {[%clk 01:20:12]} {[%emt 00:01:41]}
Bg6 {[%clk 01:06:27]} {[%emt 00:00:13]} 16. Ng3 {[%clk 01:20:16]} {[%emt
00:00:27]} Nd4 {[%clk 01:02:37]} {[%emt 00:04:19]} 17. Nxd4 {[%clk 01:19:26]}
{[%emt 00:01:21]} exd4 {[%clk 01:02:59]} {[%emt 00:00:07]} 18. a5 {[%clk
01:17:25]} {[%emt 00:02:31]} Nd7 {[%clk 01:01:58]} {[%emt 00:01:30]} 19. Bd5
{[%clk 01:16:13]} {[%emt 00:01:43]} c6 {[%clk 01:00:59]} {[%emt 00:01:29]} 20.
Bg2 {[%clk 01:15:59]} {[%emt 00:00:44]} Qd6 {[%clk 00:45:55]} {[%emt 00:15:33]}
21. Qd2 {[%clk 01:15:11]} {[%emt 00:01:19]} Nc5 {[%clk 00:41:49]} {[%emt
00:04:35]} 22. Qb4 {[%clk 01:12:24]} {[%emt 00:03:18]} Rad8 {[%clk 00:34:09]}
{[%emt 00:08:09]} 23. Ne2 {[%clk 01:00:40]} {[%emt 00:12:15]} Re6 {[%clk
00:28:26]} {[%emt 00:06:12]} 24. Ng3 {[%clk 00:57:13]} {[%emt 00:03:58]} Rd7
{[%clk 00:24:21]} {[%emt 00:04:34]} 25. Rxe6 {[%clk 00:50:30]} {[%emt
00:07:14]} Nxe6 {[%clk 00:21:32]} {[%emt 00:03:18]} 26. Qxd6 {[%clk 00:49:56]}
{[%emt 00:01:04]} Rxd6 {[%clk 00:21:57]} {[%emt 00:00:05]} 27. Ra4 {[%clk
00:49:25]} {[%emt 00:01:02]} a6 {[%clk 00:18:56]} {[%emt 00:03:31]} 28. Ra1
{[%clk 00:46:39]} {[%emt 00:03:17]} Nf4 {[%clk 00:16:43]} {[%emt 00:02:41]} 29.
Ra4 {[%clk 00:41:30]} {[%emt 00:05:40]} Kf8 {[%clk 00:14:30]} {[%emt 00:02:43]}
30. Rb4 {[%clk 00:41:02]} {[%emt 00:00:58]} Rd7 {[%clk 00:14:32]} {[%emt
00:00:27]} 31. h4 {[%clk 00:40:32]} {[%emt 00:01:02]} h6 {[%clk 00:14:01]}
{[%emt 00:01:00]} 32. Bf3 {[%clk 00:39:20]} {[%emt 00:01:42]} Ke7 {[%clk
00:12:57]} {[%emt 00:01:34]} 33. Kf1 {[%clk 00:31:56]} {[%emt 00:07:55]} Kd8
{[%clk 00:10:28]} {[%emt 00:02:57]} 34. Ne2 {[%clk 00:30:02]} {[%emt 00:02:24]}
Ne6 {[%clk 00:10:00]} {[%emt 00:00:57]} 35. Ke1 {[%clk 00:26:51]} {[%emt
00:03:42]} Kc7 {[%clk 00:09:04]} {[%emt 00:01:24]} 36. Kd2 {[%clk 00:26:45]}
{[%emt 00:00:37]} Bh7 {[%clk 00:06:26]} {[%emt 00:03:08]} 1/2-1/2

[Event "Deutsche Ländermeisterschaft 2025"]
[Site "Oer-Erkenschwick GER"]
[Date "2025.10.02"]
[Round "3"]
[White "Sasse, Conan"]
[Black "Sreeramulu, Aarush"]
[Result "0-1"]
[Termination "normal"]
[Board "3.4"]
[WhiteElo "1906"]
[BlackElo "2115"]
[WhiteClock "00:09:09"]
[BlackClock "00:02:52"]
[WhiteTeam "Schleswig-Holstein"]
[BlackTeam "Hessen"]
[PlyCount "120"]
[WhiteFideId "34684336"]
[BlackFideId "34610685"]
[EventCountry "GER"]
[EventRounds "7"]
[EventType "team-swiss"]
[EventDate "2025.09.30"]

1. e4 {[%clk 01:30:58]} {[%emt 00:00:02]} c6 {[%clk 01:30:54]} {[%emt
00:00:06]} 2. d4 {[%clk 01:31:17]} {[%emt 00:00:11]} d5 {[%clk 01:31:20]}
{[%emt 00:00:05]} 3. Nd2 {[%clk 01:31:38]} {[%emt 00:00:08]} dxe4 {[%clk
01:31:39]} {[%emt 00:00:10]} 4. Nxe4 {[%clk 01:32:07]} {[%emt 00:00:02]} Nf6
{[%clk 01:32:00]} {[%emt 00:00:10]} 5. Nxf6+ {[%clk 01:32:22]} {[%emt
00:00:15]} exf6 {[%clk 01:32:24]} {[%emt 00:00:06]} 6. c3 {[%clk 01:32:41]}
{[%emt 00:00:11]} Bd6 {[%clk 01:32:46]} {[%emt 00:00:07]} 7. Bd3 {[%clk
01:33:03]} {[%emt 00:00:08]} O-O {[%clk 01:33:08]} {[%emt 00:00:08]} 8. Ne2
{[%clk 01:33:28]} {[%emt 00:00:05]} Re8 {[%clk 01:33:24]} {[%emt 00:00:14]} 9.
O-O {[%clk 01:33:35]} {[%emt 00:00:24]} Nd7 {[%clk 01:33:35]} {[%emt 00:00:19]}
10. Qc2 {[%clk 01:33:51]} {[%emt 00:00:14]} h5 {[%clk 01:32:18]} {[%emt
00:01:47]} 11. Bd2 {[%clk 01:33:44]} {[%emt 00:00:36]} h4 {[%clk 01:32:22]}
{[%emt 00:00:27]} 12. h3 {[%clk 01:32:45]} {[%emt 00:01:29]} Nf8 {[%clk
01:32:38]} {[%emt 00:00:14]} 13. Rae1 {[%clk 01:31:06]} {[%emt 00:02:10]} g6
{[%clk 01:28:50]} {[%emt 00:04:18]} 14. f4 {[%clk 01:23:58]} {[%emt 00:07:37]}
f5 {[%clk 01:28:35]} {[%emt 00:00:44]} 15. Kh1 {[%clk 01:19:27]} {[%emt
00:05:01]} Ne6 {[%clk 01:22:21]} {[%emt 00:06:44]} 16. Be3 {[%clk 01:01:04]}
{[%emt 00:18:53]} Ng5 {[%clk 01:08:10]} {[%emt 00:14:41]} 17. Ng1 {[%clk
00:57:15]} {[%emt 00:04:20]} Ne4 {[%clk 01:04:27]} {[%emt 00:04:13]} 18. Bxe4
{[%clk 00:57:25]} {[%emt 00:00:20]} fxe4 {[%clk 01:04:19]} {[%emt 00:00:38]}
19. Qf2 {[%clk 00:52:31]} {[%emt 00:05:24]} Bf5 {[%clk 01:02:16]} {[%emt
00:02:33]} 20. Ne2 {[%clk 00:51:18]} {[%emt 00:01:43]} Kg7 {[%clk 00:55:53]}
{[%emt 00:06:52]} 21. Rd1 {[%clk 00:45:12]} {[%emt 00:06:36]} Be7 {[%clk
00:51:46]} {[%emt 00:04:38]} 22. c4 {[%clk 00:43:26]} {[%emt 00:02:16]} b6
{[%clk 00:37:10]} {[%emt 00:15:06]} 23. d5 {[%clk 00:36:39]} {[%emt 00:07:17]}
c5 {[%clk 00:35:43]} {[%emt 00:01:57]} 24. Nc3 {[%clk 00:35:50]} {[%emt
00:01:19]} Bf6 {[%clk 00:34:01]} {[%emt 00:02:12]} 25. Qd2 {[%clk 00:32:36]}
{[%emt 00:03:44]} Qd7 {[%clk 00:31:09]} {[%emt 00:03:23]} 26. Kh2 {[%clk
00:31:59]} {[%emt 00:01:06]} Rad8 {[%clk 00:27:15]} {[%emt 00:04:24]} 27. a3
{[%clk 00:28:23]} {[%emt 00:04:07]} Rc8 {[%clk 00:23:35]} {[%emt 00:04:10]} 28.
Qc2 {[%clk 00:26:08]} {[%emt 00:02:46]} Kg8 {[%clk 00:16:44]} {[%emt 00:07:21]}
29. Qb3 {[%clk 00:22:26]} {[%emt 00:04:12]} Red8 {[%clk 00:14:02]} {[%emt
00:03:12]} 30. Ne2 {[%clk 00:20:54]} {[%emt 00:02:01]} Re8 {[%clk 00:13:10]}
{[%emt 00:01:22]} 31. Nc3 {[%clk 00:19:51]} {[%emt 00:01:33]} Red8 {[%clk
00:13:22]} {[%emt 00:00:19]} 32. Ne2 {[%clk 00:18:51]} {[%emt 00:01:31]} Rb8
{[%clk 00:12:04]} {[%emt 00:01:47]} 33. Nc3 {[%clk 00:17:49]} {[%emt 00:01:32]}
Rdc8 {[%clk 00:10:49]} {[%emt 00:01:45]} 34. Rfe1 {[%clk 00:16:09]} {[%emt
00:02:10]} a6 {[%clk 00:08:53]} {[%emt 00:02:27]} 35. Bf2 {[%clk 00:15:20]}
{[%emt 00:01:18]} Qd6 {[%clk 00:08:49]} {[%emt 00:00:34]} 36. Nxe4 {[%clk
00:14:38]} {[%emt 00:01:12]} Bxe4 {[%clk 00:06:33]} {[%emt 00:02:46]} 37. Rxe4
{[%clk 00:14:46]} {[%emt 00:00:22]} b5 {[%clk 00:06:16]} {[%emt 00:00:47]} 38.
cxb5 {[%clk 00:11:46]} {[%emt 00:03:30]} Rxb5 {[%clk 00:06:18]} {[%emt
00:00:28]} 39. Qc4 {[%clk 00:12:06]} {[%emt 00:00:08]} Rxb2 {[%clk 00:04:11]}
{[%emt 00:02:40]} 40. Be3 {[%clk 00:11:49]} {[%emt 00:00:46]} Kg7 {[%clk
00:01:44]} {[%emt 00:02:57]} 41. Kh1 {[%clk 00:08:10]} {[%emt 00:04:10]} a5
{[%clk 00:26:42]} {[%emt 00:05:32]} 42. Rc1 {[%clk 00:38:01]} {[%emt 00:00:38]}
Rd8 {[%clk 00:23:26]} {[%emt 00:03:46]} 43. Rd1 {[%clk 00:36:04]} {[%emt
00:02:27]} Rc8 {[%clk 00:22:53]} {[%emt 00:01:03]} 44. Rc1 {[%clk 00:34:06]}
{[%emt 00:02:28]} Qd7 {[%clk 00:21:01]} {[%emt 00:02:21]} 45. Qd3 {[%clk
00:26:02]} {[%emt 00:08:34]} a4 {[%clk 00:19:29]} {[%emt 00:02:03]} 46. Bxc5
{[%clk 00:20:38]} {[%emt 00:05:54]} Rb3 {[%clk 00:18:29]} {[%emt 00:01:29]} 47.
Qd2 {[%clk 00:19:13]} {[%emt 00:01:55]} Qb5 {[%clk 00:12:30]} {[%emt 00:06:29]}
48. Rec4 {[%clk 00:17:21]} {[%emt 00:02:22]} Rb2 {[%clk 00:07:22]} {[%emt
00:05:38]} 49. Qd1 {[%clk 00:16:51]} {[%emt 00:01:00]} Rd8 {[%clk 00:05:32]}
{[%emt 00:02:21]} 50. d6 {[%clk 00:14:07]} {[%emt 00:03:13]} Qb7 {[%clk
00:05:22]} {[%emt 00:00:39]} 51. R4c2 {[%clk 00:12:54]} {[%emt 00:01:44]} Rb3
{[%clk 00:05:28]} {[%emt 00:00:24]} 52. Bb4 {[%clk 00:12:51]} {[%emt 00:00:32]}
Rxh3+ {[%clk 00:05:18]} {[%emt 00:00:41]} 53. Kg1 {[%clk 00:12:59]} {[%emt
00:00:21]} Rg3 {[%clk 00:05:32]} {[%emt 00:00:16]} 54. Kh2 {[%clk 00:11:59]}
{[%emt 00:01:30]} Qe4 {[%clk 00:04:54]} {[%emt 00:01:08]} 55. Rf2 {[%clk
00:10:57]} {[%emt 00:01:32]} Qe3 {[%clk 00:04:12]} {[%emt 00:01:11]} 56. Rf3
{[%clk 00:10:03]} {[%emt 00:01:25]} Rxf3 {[%clk 00:04:32]} {[%emt 00:00:11]}
57. gxf3 {[%clk 00:09:47]} {[%emt 00:00:45]} Qxf4+ {[%clk 00:04:47]} {[%emt
00:00:15]} 58. Kh1 {[%clk 00:09:56]} {[%emt 00:00:21]} Be5 {[%clk 00:04:19]}
{[%emt 00:00:58]} 59. Rc2 {[%clk 00:09:30]} {[%emt 00:00:57]} Bxd6 {[%clk
00:03:06]} {[%emt 00:01:43]} 60. Rd2 {[%clk 00:09:09]} {[%emt 00:00:51]} Be5
{[%clk 00:02:52]} {[%emt 00:00:43]} 0-1